Pangée - Carte Quiz - Statistiques

Statistiques générales
  • Ce quiz a été pris 1 444 fois
  • Le résultat moyen est 6 sur 7
Réponses sur la Carte
Les réponses sont colorées sur une échelle allant du rouge au vert en fonction du pourcentage des utilisateurs qui les ont devinées à leur premier essai. Vous pouvez retrouver ces pourcentages ci-dessous.
 
Statistiques - réponses
Réponse % Correct
Afrique
96%
Amérique du Sud
93%
Amérique du Nord
88%
Australie
83%
Inde
81%
Eurasie
79%
Antarctique
77%
Aucun quiz correspondant
Distribution des résultats
% des personnes avec chaque résultat
Percentile par nombre de réponses
Votre historique - résultats
Vous n’avez pas pris ce quiz